书目信息 |
| 题名: |
古代汉语
|
|
| 作者: | 郭锡良 著 | |
| 分册: | 中册 | |
| 出版信息: | 北京 北京出版社 1981 |
|
| 页数: | 378-720页 | |
| 开本: | 21cm | |
| 丛书名: | ||
| 单 册: | ||
| 中图分类: | H109.2 | |
| 科图分类: | ||
| 主题词: | 汉语--古代 , 汉语 | |
| 电子资源: | ||
| ISBN: | ||
| 000 | 00658nam0 2200253 45 | |
| 001 | 0181008769 | |
| 005 | 20040304021852.2 | |
| 010 | @dCNY1.30 | |
| 091 | @a9071.74 | |
| 100 | @a19950525d1981 em y0chiy0121 ea | |
| 101 | 0 | @achi |
| 102 | @aCN@b110000 | |
| 105 | @ay z 000yy | |
| 106 | @ar | |
| 200 | 10 | @a古代汉语@h中册@Agu dai han yu@f郭锡良等著@FGuo Xi Liang Deng Zhu |
| 210 | @a北京@c北京出版社@d1981 | |
| 215 | @a378-720页@d21cm | |
| 606 | @a汉语@z古代 | |
| 606 | 0 | @a汉语 |
| 690 | @aH109.2@v3 | |
| 701 | 0 | @a郭锡良@Aguo xi liang@4著 |
| 801 | 0 | @aCN@b上海图书馆@c20040304 |
| 801 | 2 | @aCN@bNLC@c20040304 |
| 905 | @dH109.2@e1:2@f2@b60249-250 | |
| 古代汉语.中册/郭锡良等著.-北京:北京出版社,1981 |
| 378-720页;21cm |
| ISBN :CNY1.30 |
| ● |
| 相关链接 |
|
|
|
|
正题名:古代汉语
索取号:H109.2/1:2
 
预约/预借
| 序号 | 登录号 | 条形码 | 馆藏地/架位号 | 状态 | 备注 |
| 1 | 0060249 | 001853587 | 密集书库/ [索取号:H109.2/1:2] | 在馆 | |
| 2 | 0060250 | 001853578 | 密集书库/ [索取号:H109.2/1:2] | 在馆 |